ՀՀ Գիտությունների ազգային ակադեմիայի հիմնարար գիտական գրադարան  =   Fundamental Scientific Library of NAS RA

Արխիպելագ Գուլագ : (Record no. 84383)

MARC details
000 -LEADER
fixed length control field 01581nam a2200277 u 4500
001 - CONTROL NUMBER
control field 000238435
003 - CONTROL NUMBER IDENTIFIER
control field AM-YeHGA
005 - DATE AND TIME OF LATEST TRANSACTION
control field 20250618071613.0
008 - FIXED-LENGTH DATA ELEMENTS--GENERAL INFORMATION
fixed length control field 030623s1994 ai r 000 0 arm d
040 ## - CATALOGING SOURCE
Original cataloging agency AM-YeHGA
090 ## - LOCALLY ASSIGNED LC-TYPE CALL NUMBER (OCLC); LOCAL CALL NUMBER (RLIN)
-- 85660
100 1# - MAIN ENTRY--PERSONAL NAME
Personal name Սոլժենիցին, Ալեքսանդր
245 10 - TITLE STATEMENT
Title Արխիպելագ Գուլագ :
Remainder of title 1918-1956 ; Գեղ. հետազոտ. փորձ 3 հտ. /
Statement of responsibility, etc. Ալ. Սոլժենիցին; Թարգմ.՝ Ա. Հովհաննիսյան.
260 ## - PUBLICATION, DISTRIBUTION, ETC.
Place of publication, distribution, etc. Երևան :
Name of publisher, distributor, etc. Գիր գրոց,
Date of publication, distribution, etc. 1994.
300 ## - PHYSICAL DESCRIPTION
Extent 3 հ. ;
Dimensions 22 սմ.
500 ## - GENERAL NOTE
General note Ծանոթագր., 623-630 (Հտ. 1); էջ՝ 663-667 (Հտ. 2); էջ՝ 607-618 (Հտ. 3)
505 10 - FORMATTED CONTENTS NOTE
Miscellaneous information Հ. Ա (632 էջ : [1] թ. դիմանկ.)
Statement of responsibility Խմբ.՝ Գ.Գ. Խաչատրյան
Title Մաս I Բանտային արդյունաբերություն; Մաս II Հավերժական շարժում
Miscellaneous information Հ. Բ (680 էջ : [2] թ. դիմանկ.)
Statement of responsibility Խմբ.՝
Title Մաս III; Մաս IV
Miscellaneous information Հ. Գ (624 էջ : [3] թ. դիմանկ.)
Statement of responsibility Խմբ.՝ Ջ.Ա. Պետրոսյան
Title Մաս V Տաժանակրություն; Մաս VI Աքսոր; Մաս VII Ստալինը չկա
650 14 - SUBJECT ADDED ENTRY--TOPICAL TERM
Topical term or geographic name entry element Ռուս գրականություն
General subdivision Վեպ
9 (RLIN) 4829
653 0# - INDEX TERM--UNCONTROLLED
Uncontrolled term Բռնադատվածներ
653 0# - INDEX TERM--UNCONTROLLED
Uncontrolled term Ստալինյան բռնաճնշումներ
653 0# - INDEX TERM--UNCONTROLLED
Uncontrolled term Ստալինյան ճամբարներ
700 1# - ADDED ENTRY--PERSONAL NAME
Personal name Հովհաննիսյան, Արմեն Արշավիրի,
Dates associated with a name 1936-
Relator term թարգմ.
Relationship trl
9 (RLIN) 1856
700 1# - ADDED ENTRY--PERSONAL NAME
Personal name Խաչատրյան, Գ.Գ.
Relator term խմբ.
Relationship edt
700 1# - ADDED ENTRY--PERSONAL NAME
Personal name Պետրոսյան, Ջ.Ա.
Relator term խմբ.
Relationship edt
942 ## - ADDED ENTRY ELEMENTS (KOHA)
Source of classification or shelving scheme Universal Decimal Classification
Koha item type Գրքեր / Books
Holdings
Withdrawn status Lost status Source of classification or shelving scheme Damaged status Not for loan Collection Home library Current library Date acquired Serial enumeration / chronology Total checkouts Full call number Barcode Date last seen Copy number Cost, replacement price Price effective from Koha item type Public note
    Universal Decimal Classification     General Fundamental Scientific Library Fundamental Scientific Library 22/12/2016 Հ. Ա   AII/100873 FL0356497 22/12/2016 882 4498.00 22/12/2016 Գրքեր / Books 30 Days Loan
    Universal Decimal Classification     General Fundamental Scientific Library Fundamental Scientific Library 22/12/2016 Հ. Ա   AII/83330 FL0264009 22/12/2016 882   22/12/2016 Գրքեր / Books 30 Days Loan
    Universal Decimal Classification     General Fundamental Scientific Library Fundamental Scientific Library 22/12/2016 Հ. Բ   AII/83331 220083331 22/12/2016 882   22/12/2016 Գրքեր / Books 30 Days Loan
    Universal Decimal Classification     General Fundamental Scientific Library Fundamental Scientific Library 22/12/2016 Հ. Գ   AII/83332 220083332 22/12/2016 882   22/12/2016 Գրքեր / Books 30 Days Loan
    Universal Decimal Classification     General Fundamental Scientific Library Fundamental Scientific Library 22/12/2016 Հ. Ա   AII/83375 220083375 22/12/2016 882   22/12/2016 Գրքեր / Books 30 Days Loan
    Universal Decimal Classification     General Fundamental Scientific Library Fundamental Scientific Library 22/12/2016 Հ. Բ   AII/83376 220083376 22/12/2016 882   22/12/2016 Գրքեր / Books 30 Days Loan
    Universal Decimal Classification     General Fundamental Scientific Library Fundamental Scientific Library 22/12/2016 Հ. Գ   AII/83377 220083377 22/12/2016 882   22/12/2016 Գրքեր / Books 30 Days Loan


ՀՀ ԳԱԱ հիմնարար գիտական գրադարան
ՀՀ,Երևան 0019
Մարշալ Բաղրամյան 24/6
հեռախոս:(374-10) 52-47-50
Հետադարձ կապ

All site content, except where otherwise noted, is licensed under a
Creative Commons License